000 00432nam a2200181Ia 4500
001 11491
005 20260306162832.0
008 260306t1966||||xx |||||||||||||| ||spa||
041 _aESP
082 _a985.061
_bB25
100 _aBarra, Felipe de la Gral.
_eAUT
245 0 _aLa historia militar peruana
260 _c1966
300 _a297 páginas :
_c22 cm.
650 _aGEN
654 _aCHU
942 _cLIB
_dJUS
_fJUS
_2ddc
_n
999 _c11491
_d11491